000 00493nam a2200169 i 4500
001 62892
003 ES-MaACL
005 20251003063103.0
007 t|
008 031126s1915 ag |||| | spa d
100 1 _aFernández Moreno, Baldomero,
_d1886-1950
_949940
245 1 4 _aLas iniciales del misal /
_cB. Fernández Moreno.
260 _aBuenos Aires :
_b[s.n.],
_c1915 (
_fJosé Tragant)
300 _a153 p. ;
_c18 cm.
852 _aES-MaACL
_jD-766
999 _c62892
_d62892